Mob per biome - Statistics

General Stats
  • This quiz has been taken 14 times
  • The average score is 13 of 15
Answer Stats
Biome Mob % Correct
Mangrove Frog
100%
Water Drowned/Fish
90%
End Highlands Enderman
90%
Desert Husk/Camel
90%
Bamboo Panda
90%
Beach Turtle
90%
Deep Dark Warden
90%
Plains (undead) Zombie/Skeleton
90%
Lush Cave Axolotl
80%
The End Ender Dragon
80%
Jungle Ocelot
80%
Swamp Slime
80%
Ice Spikes Stray/Polar Bear
80%
Taiga Fox/Wolf
70%
Basalt Delta Magma Cube
60%
No matching quizzes found
Score Distribution
Percent of People with Each Score
Percentile by Number Answered
Your Score History
You have not taken this quiz